Mónica (Registo nº 1217)
[ vista simples ]
| 000 -Etiqueta do registo | |
|---|---|
| Cabeçalho | 00671nam a2200241 4500 |
| 005 - Identificador da versão | |
| Campo de controlo | 20240822170954.0 |
| 010 ## - Número internacional normalizado dos livros (ISBN) | |
| Número (ISBN) | 9789895554812 |
| 021 ## - Número do Depósito Legal | |
| Código do país | PT |
| Número | 297986/09 |
| 100 ## - Dados gerais de processamento | |
| Dados gerais de processamento | 20091104d2009 a y0pory5003 ba |
| 101 0# - Língua de publicação | |
| Língua do texto, banda sonora, etc. | Português |
| 102 ## - Pais de publicação ou produção | |
| País de publicação | Portugal |
| 105 ## - Campo de dados codificados: livros | |
| Dados codificados dos livros | y z 001ay |
| 106 ## - Campo de dados codificados: material textual | |
| Dados codificados do material textual | r |
| 200 1# - Titulo e menção de responsabilidade | |
| Título próprio | Mónica |
| Informação de outro título | a Maria-rapaz |
| Primeira menção de responsabilidade | Margarida Fonseca Santos, Maria João Lopo de Carvalho |
| 210 ## - Publicação, Distribuição, etc. | |
| Lugar da edição, distribuição, etc. | Alfragide |
| Nome do editor, distribuidor, etc. | Oficina do livro |
| Data da publicação, distribuição, etc. | 2009 |
| 215 ## - Descrição física | |
| Indicação específica da natureza do documento e extensão da espécie | 173 p. |
| Outras indicações físicas | il. |
| Dimensões | 30 cm |
| 225 2# - Colecção | |
| Título próprio da colecção | 7 irmãos |
| Indicação de volume | 3 |
| 675 ## - Classificação Decimal Universal (CDU) | |
| Notação | 82-93 |
| Edição | BN |
| Língua da edição | por |
| 700 #1 - Nome de autor-pessoa física (responsabilidade principal) | |
| Número de registo de entrada de autoridade | 0001667 |
| Palavra de ordem | Santos |
| Outra parte do nome não tomada para palavra de ordem | Margarida Fonseca |
| Datas | 1960- |
| 701 #0 - Nome de autor-pessoa física (co-responsabilidade principal) | |
| Palavra de ordem | Carvalho |
| Outra parte do nome não tomada para palavra de ordem | Maria João Lopo de |
| Código de função | Autor / Co-autor |
| 942 ## - Elementos de entrada adicionados (Koha) | |
| Tipo de item no Koha | Livro |
| Situação do levantamento | Origin of item (home branch) (coded) | Biblioteca de empréstimo | Código de barras | Cota | Circulation type (not for loan) | Tipo de documento | Nota do exemplar | Damaged status |
|---|---|---|---|---|---|---|---|---|
| Biblioteca Escolar Eng. Nuno Mergulhão | Biblioteca Escolar Eng. Nuno Mergulhão | BENM2399 | 8POR SAN | Livro | Sem mensagem |
